00374 2200157 4500001002100000005001500021035002000036245003500056100001700091300001700108260003100125082001000156084001600166020002200182990001200204INLIS00000000000332620251222091713 a0010-12250001471 aBakuman Vol.13 /cTsugumi Ohba0 aTsugumi Ohba c11,5 x 17 cm aJakarta :bGramedia,c2016 a741.3 a741.3 TSU b a978-602-339-672-6 a0754509